Normal view MARC view
  • Osuna Dumont, Ana Cecilia

Entry Nombre Personal

Number of records used in: 1

001 - NUMERO DE CONTROL

  • campo de control: 44887

003 - IDENTIFICADOR DE NUMERO DE CONTROL

  • campo de control: UPN

005 - FECHA Y HORA DE LA ÜLTIMA TRANSACCIÓN

  • campo de control: 20220615115342.0

008 - DATOS DE LONGITUD FIJA

  • campo de control de longitud fija: 220615|||az|nnaaan a aaa d

040 ## - FUENTE DE CATALOGACIÓN

  • Agencia original de catalogación: MX-MxUPN

100 1# - ENCABEZAMIENTO - NOMBRE PERSONAL

  • Nombre personal: Osuna Dumont, Ana Cecilia

400 ## - VEÁSE - NOMBRE DE PERSONA

  • Personal name: Osuna, Ana Cecilia Dumont

670 ## - FUENTE EN LA QUE SE LOCALIZARON DATOS

  • Cita de la fuente: Tesauro latinoamericano en ciencia bibliotecológica y de la información (TELACIBIN), 1999:
  • Información localizada: portada (Ana Cecilia Dumont Osuna)

902 ## - CATALOGADOR

  • Catalogador: VAGG/150622